[Event "Top 12 Feminin Groupe B"]
[Site "Juvisy sur Orge"]
[Date "2018.05.07"]
[Round "4.2"]
[White "Legrand, Francoise"]
[Black "L'Ami, Alina"]
[Result "0-1"]
[WhiteElo "1520"]
[BlackElo "2297"]
[PlyCount "52"]
[EventDate "2018.05.07"]

1. e4 {[%clk 1:30:55]} c5 {[%clk 1:30:24]} 2. Nf3 {[%clk 1:31:20]} d6
{[%clk 1:31:19]} 3. d4 {[%clk 1:31:24]} cxd4 {[%clk 1:31:43]} 4. Nxd4
{[%clk 1:31:46]} Nf6 {[%clk 1:32:10]} 5. Nc3 {[%clk 1:31:59]} a6 {[%clk 1:32:34]}
6. Bd3 {[%clk 1:29:21]} e5 {[%clk 1:32:43]} 7. Nf3 {[%clk 1:27:40]} Be7
{[%clk 1:32:08]} 8. h3 {[%clk 1:26:41]} O-O {[%clk 1:30:58]} 9. Be3
{[%clk 1:26:35]} b5 {[%clk 1:30:06]} 10. O-O {[%clk 1:26:50]} Bb7
{[%clk 1:29:53]} 11. a3 {[%clk 1:23:12]} Nbd7 {[%clk 1:30:05]} 12. b4
{[%clk 1:21:40]} Rc8 {[%clk 1:29:54]} 13. Bd2 {[%clk 1:16:45]} Nb6
{[%clk 1:27:53]} 14. Re1 {[%clk 1:10:52]} Nc4 {[%clk 1:27:55]} 15. Bxc4
{[%clk 1:10:25]} Rxc4 {[%clk 1:28:22]} 16. Nd5 {[%clk 1:04:18]} Nxd5
{[%clk 1:25:13]} 17. exd5 {[%clk 1:04:32]} Bxd5 {[%clk 1:25:10]} 18. Rc1
{[%clk 1:04:34]} Qa8 {[%clk 1:25:05]} 19. c3 {[%clk 1:01:43]} Bf6
{[%clk 1:23:11]} 20. Rf1 {[%clk 0:58:46]} e4 {[%clk 1:19:33]} 21. Ne1
{[%clk 0:58:49]} Be5 {[%clk 1:19:10]} 22. Be3 {[%clk 0:57:15]} f5
{[%clk 1:16:33]} 23. Bd4 {[%clk 0:53:34]} Bxd4 {[%clk 1:16:51]} 24. cxd4
{[%clk 0:54:00]} Rxc1 {[%clk 1:17:15]} 25. Qxc1 {[%clk 0:54:16]} Bc4
{[%clk 1:17:32]} 26. Qf4 {[%clk 0:54:14]} Qd5 {[%clk 1:17:32]} 0-1

[Event "Top 12 Feminin Groupe B"]
[Site "Juvisy sur Orge"]
[Date "2018.05.07"]
[Round "4.3"]
[White "Hamdouchi, Adina"]
[Black "Aubry, Virginie"]
[Result "1-0"]
[WhiteElo "2218"]
[BlackElo "1399"]
[PlyCount "33"]
[EventDate "2018.05.07"]

1. e4 {[%clk 1:30:57]} e5 {[%clk 1:30:52]} 2. Nf3 {[%clk 1:31:22]} Nc6
{[%clk 1:30:53]} 3. Bc4 {[%clk 1:31:44]} Bc5 {[%clk 1:30:43]} 4. d3
{[%clk 1:31:14]} Nf6 {[%clk 1:29:22]} 5. O-O {[%clk 1:31:25]} O-O 6. Nc3
{[%clk 1:31:31]} Ne7 {[%clk 1:26:28]} 7. Nxe5 {[%clk 1:31:09]} d6
{[%clk 1:24:07]} 8. Nf3 {[%clk 1:31:06]} b6 {[%clk 1:23:06]} 9. a3
{[%clk 1:30:21]} Bd7 {[%clk 1:18:36]} 10. Bg5 {[%clk 1:29:13]} Ng4
{[%clk 1:10:28]} 11. d4 {[%clk 1:28:50]} Be6 {[%clk 0:59:40]} 12. Bxe6
{[%clk 1:28:59]} fxe6 {[%clk 0:57:35]} 13. dxc5 {[%clk 1:29:23]} bxc5
{[%clk 0:55:52]} 14. h3 {[%clk 1:29:47]} Ne5 {[%clk 0:50:38]} 15. Nxe5
{[%clk 1:30:07]} dxe5 {[%clk 0:50:00]} 16. Qxd8 {[%clk 1:30:32]} Raxd8
{[%clk 0:48:51]} 17. Bxe7 {[%clk 1:30:56]} 1-0

[Event "Top 12 Feminin Groupe B"]
[Site "Juvisy sur Orge"]
[Date "2018.05.07"]
[Round "4.5"]
[White "Javakhishvili, Lela"]
[Black "Genova, Lyubka"]
[Result "1/2-1/2"]
[WhiteElo "2471"]
[BlackElo "2202"]
[PlyCount "61"]
[EventDate "2018.05.07"]



1. d4 {[%clk 1:30:56]} Nf6 {[%clk 1:30:54]} 2. c4 {[%clk 1:31:20]} g6
{[%clk 1:31:08]} 3. Nc3 {[%clk 1:31:39]} Bg7 {[%clk 1:31:32]} 4. e4
{[%clk 1:31:52]} d6 {[%clk 1:31:56]} 5. Nf3 {[%clk 1:31:48]} O-O {[%clk 1:32:10]}
6. h3 {[%clk 1:32:12]} a6 {[%clk 1:31:38]} 7. Be3 {[%clk 1:32:23]} Nbd7
{[%clk 1:31:42]} 8. Qd2 {[%clk 1:19:27]} c5 {[%clk 1:23:50]} 9. d5
{[%clk 1:19:27]} b5 {[%clk 1:24:06]} 10. cxb5 {[%clk 1:16:05]} Qa5
{[%clk 1:24:22]} 11. b6 {[%clk 0:58:59]} Nxb6 {[%clk 1:22:11]} 12. Bd3
{[%clk 0:58:31]} Na4 {[%clk 1:00:50]} 13. O-O {[%clk 0:54:43]} Rb8
{[%clk 0:58:39]} 14. Nxa4 {[%clk 0:50:44]} Qxa4 {[%clk 0:59:01]} 15. b3
{[%clk 0:50:49]} Qb4 {[%clk 0:58:42]} 16. Qc2 {[%clk 0:50:49]} a5
{[%clk 0:56:32]} 17. Rab1 {[%clk 0:45:45]} Bd7 {[%clk 0:55:41]} 18. Bd2
{[%clk 0:43:23]} Qa3 {[%clk 0:54:11]} 19. Bc1 {[%clk 0:37:03]} Qb4
{[%clk 0:52:53]} 20. Bd2 {[%clk 0:34:03]} Qa3 {[%clk 0:53:03]} 21. Bc3
{[%clk 0:30:58]} a4 {[%clk 0:46:29]} 22. Nd2 {[%clk 0:30:23]} axb3
{[%clk 0:46:24]} 23. axb3 {[%clk 0:30:51]} Qa7 {[%clk 0:44:48]} 24. Nc4
{[%clk 0:31:05]} Bb5 {[%clk 0:40:41]} 25. f4 {[%clk 0:20:49]} Bxc4
{[%clk 0:35:15]} 26. bxc4 {[%clk 0:20:55]} Rxb1 {[%clk 0:35:34]} 27. Rxb1
{[%clk 0:21:20]} Nd7 {[%clk 0:35:47]} 28. Ra1 {[%clk 0:19:03]} Qb7
{[%clk 0:33:46]} 29. Rb1 {[%clk 0:19:12]} Qa7 {[%clk 0:28:18]} 30. Ra1
{[%clk 0:19:11]} Qb7 {[%clk 0:28:37]} 31. Rb1 {[%clk 0:19:15]} 1/2-1/2

[Event "Top 12 Feminin Groupe B"]
[Site "Juvisy sur Orge"]
[Date "2018.05.07"]
[Round "4.6"]
[White "Bismuth, Lea"]
[Black "Maisuradze, Nino"]
[Result "0-1"]
[WhiteElo "1937"]
[BlackElo "2172"]
[PlyCount "66"]
[EventDate "2018.05.07"]



1. Nc3 {[%clk 1:30:57]} c5 {[%clk 1:30:47]} 2. Nf3 {[%clk 1:31:21]} d5
{[%clk 1:28:00]} 3. d4 {[%clk 1:31:11]} Nf6 {[%clk 1:25:09]} 4. Bg5
{[%clk 1:29:54]} Ne4 {[%clk 1:20:36]} 5. Bf4 {[%clk 1:29:26]} Nc6
{[%clk 1:12:13]} 6. Nxe4 {[%clk 1:13:53]} dxe4 {[%clk 1:12:33]} 7. Ng5
{[%clk 1:12:28]} Qxd4 {[%clk 1:08:33]} 8. c3 {[%clk 1:07:58]} Qxd1+
{[%clk 1:01:58]} 9. Rxd1 {[%clk 1:08:20]} f5 {[%clk 1:00:15]} 10. h4
{[%clk 1:03:59]} h6 {[%clk 0:59:29]} 11. Nh3 {[%clk 1:04:21]} e5 {[%clk 0:59:14]}
12. Bh2 {[%clk 0:58:57]} Be6 {[%clk 0:58:01]} 13. b3 {[%clk 0:57:58]} Be7
{[%clk 0:57:57]} 14. e3 {[%clk 0:57:51]} Bxh4 {[%clk 0:54:07]} 15. Bb5
{[%clk 0:58:05]} Bf6 {[%clk 0:54:24]} 16. O-O {[%clk 0:55:25]} Ke7
{[%clk 0:52:15]} 17. f4 {[%clk 0:54:11]} exf3 {[%clk 0:52:19]} 18. gxf3
{[%clk 0:54:13]} Rad8 {[%clk 0:51:01]} 19. Nf2 {[%clk 0:53:41]} Rxd1
{[%clk 0:49:56]} 20. Rxd1 {[%clk 0:54:08]} Rd8 {[%clk 0:50:05]} 21. Rxd8
{[%clk 0:54:04]} Nxd8 {[%clk 0:50:26]} 22. Be2 {[%clk 0:52:02]} Nf7
{[%clk 0:48:24]} 23. e4 {[%clk 0:51:15]} f4 {[%clk 0:48:32]} 24. Kg2
{[%clk 0:51:12]} g5 {[%clk 0:54:02]} 25. Bg1 {[%clk 0:51:10]} h5 {[%clk 0:48:14]}
26. Nd3 {[%clk 0:48:39]} b6 {[%clk 0:48:32]} 27. b4 {[%clk 0:48:56]} cxb4
{[%clk 0:47:23]} 28. Nxb4 {[%clk 0:48:58]} Kd6 {[%clk 0:46:57]} 29. a4
{[%clk 0:48:18]} g4 {[%clk 0:46:34]} 30. fxg4 {[%clk 0:47:00]} hxg4
{[%clk 0:47:01]} 31. Bd1 {[%clk 0:47:23]} Bh4 {[%clk 0:43:39]} 32. Nd5
{[%clk 0:47:00]} Ng5 {[%clk 0:41:03]} 33. Nf6 {[%clk 0:46:15]} f3+
{[%clk 0:41:13]} 0-1

[Event "Top 12 Feminin Groupe B"]
[Site "Juvisy sur Orge"]
[Date "2018.05.07"]
[Round "4.7"]
[White "Fischer, Julie"]
[Black "Fortuit, Emilie"]
[Result "0-1"]
[WhiteElo "1983"]
[BlackElo "1950"]
[PlyCount "87"]
[EventDate "2018.05.07"]



1. c4 e5 {[%clk 1:30:23]} 2. Nc3 {[%clk 1:28:33]} d6 {[%clk 1:29:34]} 3. g3
{[%clk 1:28:41]} Be7 {[%clk 1:28:58]} 4. Bg2 {[%clk 1:28:15]} c6 {[%clk 1:28:42]}
5. d4 {[%clk 1:25:14]} Nf6 {[%clk 1:25:57]} 6. dxe5 {[%clk 1:19:55]} dxe5
{[%clk 1:26:09]} 7. Qxd8+ {[%clk 1:17:04]} Bxd8 {[%clk 1:26:27]} 8. b4
{[%clk 1:15:14]} O-O {[%clk 1:23:22]} 9. Nf3 {[%clk 1:12:15]} Re8
{[%clk 1:21:11]} 10. O-O {[%clk 1:10:09]} h6 {[%clk 1:18:02]} 11. Bb2
{[%clk 1:08:25]} e4 {[%clk 1:16:47]} 12. Nd2 {[%clk 1:05:16]} e3 {[%clk 1:15:47]}
13. fxe3 {[%clk 1:05:44]} Ng4 {[%clk 1:14:56]} 14. Nde4 {[%clk 0:35:13]} Bc7
{[%clk 1:13:00]} 15. Bh3 {[%clk 0:29:28]} Nxe3 {[%clk 1:10:06]} 16. Bxc8
{[%clk 0:29:56]} Rxc8 {[%clk 1:10:28]} 17. Rf3 {[%clk 0:22:12]} Nxc4
{[%clk 1:09:45]} 18. Rb1 {[%clk 0:22:16]} Nd7 {[%clk 1:04:51]} 19. Nd1
{[%clk 0:19:27]} Re8 {[%clk 1:04:32]} 20. Ndf2 {[%clk 0:13:46]} Bb6
{[%clk 1:02:57]} 21. e3 {[%clk 0:11:41]} Bxe3 {[%clk 0:59:17]} 22. Rxe3
{[%clk 0:08:11]} Nxe3 {[%clk 0:59:16]} 23. Bd4 {[%clk 0:07:16]} Nf5
{[%clk 0:58:11]} 24. Rd1 {[%clk 0:07:42]} Ne5 {[%clk 0:56:28]} 25. Bxe5
{[%clk 0:07:11]} Rxe5 {[%clk 0:56:53]} 26. g4 {[%clk 0:07:00]} Ne3
{[%clk 0:55:49]} 27. Re1 {[%clk 0:07:29]} Nd5 {[%clk 0:47:31]} 28. Nd3
{[%clk 0:06:24]} Re7 {[%clk 0:45:49]} 29. Kf2 {[%clk 0:06:41]} Rae8
{[%clk 0:45:44]} 30. Kf3 {[%clk 0:06:08]} Nc3 {[%clk 0:42:43]} 31. Ndf2
{[%clk 0:06:18]} Kf8 {[%clk 0:36:52]} 32. a3 {[%clk 0:04:28]} Re5
{[%clk 0:33:39]} 33. Re3 {[%clk 0:03:59]} Nd5 {[%clk 0:33:09]} 34. Rd3
{[%clk 0:04:08]} f5 {[%clk 0:32:02]} 35. gxf5 {[%clk 0:03:55]} Rxf5+
{[%clk 0:32:18]} 36. Kg3 {[%clk 0:04:10]} Re6 {[%clk 0:31:40]} 37. h3
{[%clk 0:03:19]} Ke7 {[%clk 0:28:08]} 38. Rb3 {[%clk 0:02:07]} Rf4
{[%clk 0:26:30]} 39. Nc5 {[%clk 0:01:12]} Rg6+ {[%clk 0:26:44]} 40. Ng4
{[%clk 0:01:07]} h5 {[%clk 0:26:46]} 41. Re3+ {[%clk 0:00:41]} Nxe3
{[%clk 0:26:10]} 42. Kxf4 {[%clk 0:01:06]} hxg4 {[%clk 0:25:56]} 43. Kxe3
{[%clk 0:01:29]} gxh3 {[%clk 0:26:20]} 44. Ne4 {[%clk 0:01:40]} Re6
{[%clk 0:26:12]} 0-1

[Event "Top 12 Feminin Groupe B"]
[Site "Juvisy sur Orge"]
[Date "2018.05.07"]
[Round "4.8"]
[White "Boutant, Jade"]
[Black "Bellahcene, Meriem"]
[Result "0-1"]
[WhiteElo "1718"]
[BlackElo "1895"]
[PlyCount "102"]
[EventDate "2018.05.07"]

1. c4 {[%clk 1:30:58]} c5 {[%clk 1:30:55]} 2. Nc3 {[%clk 1:31:25]} g6
{[%clk 1:31:05]} 3. g3 {[%clk 1:31:54]} Bg7 {[%clk 1:31:21]} 4. Bg2
{[%clk 1:32:21]} Nc6 {[%clk 1:31:37]} 5. e3 {[%clk 1:32:29]} d6 {[%clk 1:31:11]}
6. Nge2 {[%clk 1:32:50]} e5 {[%clk 1:31:27]} 7. O-O {[%clk 1:33:12]} Nge7
{[%clk 1:31:45]} 8. f4 {[%clk 1:33:31]} O-O {[%clk 1:31:16]} 9. d3
{[%clk 1:33:16]} Be6 {[%clk 1:28:34]} 10. a3 {[%clk 1:33:06]} a5 {[%clk 1:27:28]}
11. Qc2 {[%clk 1:32:05]} Qd7 {[%clk 1:22:51]} 12. Nd5 {[%clk 1:32:17]} Bxd5
{[%clk 1:17:53]} 13. cxd5 {[%clk 1:32:37]} Na7 {[%clk 1:18:07]} 14. a4
{[%clk 1:31:38]} Rfb8 {[%clk 1:00:34]} 15. Bd2 {[%clk 1:30:36]} b5
{[%clk 0:55:24]} 16. d4 {[%clk 1:29:17]} cxd4 {[%clk 0:48:54]} 17. exd4
{[%clk 1:29:23]} exd4 {[%clk 0:47:09]} 18. Qd3 {[%clk 1:28:00]} bxa4
{[%clk 0:42:59]} 19. Nxd4 {[%clk 1:26:26]} Rxb2 {[%clk 0:38:56]} 20. Bc3
{[%clk 1:23:39]} Rb7 {[%clk 0:35:27]} 21. Ra3 {[%clk 1:15:21]} Rc8
{[%clk 0:23:47]} 22. Bxa5 {[%clk 1:08:03]} Rc5 {[%clk 0:23:05]} 23. Bc3
{[%clk 1:06:04]} Rb3 {[%clk 0:21:33]} 24. Rxb3 {[%clk 0:57:32]} axb3
{[%clk 0:21:31]} 25. Bb4 {[%clk 0:57:33]} Qc7 {[%clk 0:17:18]} 26. Nxb3
{[%clk 0:51:02]} Rb5 {[%clk 0:17:29]} 27. Bd2 {[%clk 0:49:52]} Qb6+
{[%clk 0:13:37]} 28. Be3 {[%clk 0:50:04]} Rxb3 {[%clk 0:13:50]} 29. Bxb6
{[%clk 0:50:19]} Rxd3 {[%clk 0:14:17]} 30. Bxa7 {[%clk 0:50:21]} Bd4+
{[%clk 0:13:34]} 31. Bxd4 {[%clk 0:50:31]} Rxd4 {[%clk 0:14:02]} 32. Re1
{[%clk 0:44:10]} Nxd5 {[%clk 0:14:28]} 33. Re8+ {[%clk 0:43:16]} Kg7
{[%clk 0:14:57]} 34. Bxd5 Rxd5 {[%clk 0:15:22]} 35. h4 {[%clk 0:39:40]} Rd2
{[%clk 0:15:30]} 36. Kf1 {[%clk 0:39:24]} Kf6 {[%clk 0:13:10]} 37. Rh8
{[%clk 0:36:01]} h5 {[%clk 0:12:52]} 38. Rf8 {[%clk 0:34:38]} Ke7
{[%clk 0:12:19]} 39. Rc8 {[%clk 0:34:38]} d5 {[%clk 0:11:05]} 40. Rc7+
{[%clk 0:34:10]} Ke6 {[%clk 0:11:30]} 41. Rb7 {[%clk 0:31:20]} Rc2
{[%clk 0:10:50]} 42. Rb6+ {[%clk 0:27:57]} Kf5 {[%clk 0:08:00]} 43. Rd6
{[%clk 0:20:21]} Ke4 {[%clk 0:06:54]} 44. f5 {[%clk 0:13:32]} gxf5
{[%clk 0:05:17]} 45. Rf6 {[%clk 0:12:51]} d4 {[%clk 0:04:44]} 46. Rxf7
{[%clk 0:13:06]} d3 {[%clk 0:04:44]} 47. Ke1 {[%clk 0:07:23]} Ke3
{[%clk 0:03:44]} 48. Re7+ {[%clk 0:06:59]} Kf3 {[%clk 0:03:53]} 49. Rf7
{[%clk 0:06:06]} Kg4 {[%clk 0:02:11]} 50. Rg7+ {[%clk 0:05:54]} Kf3
{[%clk 0:02:40]} 51. Rg5 {[%clk 0:03:08]} Ke3 {[%clk 0:02:27]} 0-1

[Event "Top 12 Feminin Groupe B"]
[Site "Juvisy sur Orge"]
[Date "2018.05.08"]
[Round "5.1"]
[White "Paehtz, Elisabeth"]
[Black "L'Ami, Alina"]
[Result "1-0"]
[WhiteElo "2475"]
[BlackElo "2297"]
[PlyCount "77"]
[EventDate "2018.05.08"]

1. d4 {[%clk 1:30:57]} Nf6 {[%clk 1:30:51]} 2. c4 {[%clk 1:31:23]} g6
{[%clk 1:31:18]} 3. g3 {[%clk 1:31:44]} Bg7 {[%clk 1:31:42]} 4. Bg2
{[%clk 1:32:10]} O-O {[%clk 1:32:05]} 5. Nc3 {[%clk 1:32:34]} d6 {[%clk 1:32:30]}
6. Nf3 {[%clk 1:33:00]} Nbd7 {[%clk 1:30:07]} 7. O-O {[%clk 1:33:25]} e5
{[%clk 1:30:26]} 8. e4 {[%clk 1:33:51]} c6 {[%clk 1:30:44]} 9. h3
{[%clk 1:31:42]} Qa5 {[%clk 1:29:47]} 10. Re1 {[%clk 1:24:24]} exd4
{[%clk 1:25:29]} 11. Nxd4 {[%clk 1:24:50]} Ne5 {[%clk 1:25:24]} 12. Bf1
{[%clk 1:17:40]} Qb6 {[%clk 1:04:42]} 13. Be3 {[%clk 1:11:21]} c5
{[%clk 0:59:29]} 14. Ndb5 {[%clk 0:54:41]} Be6 {[%clk 0:50:56]} 15. f4
{[%clk 0:36:09]} Nxc4 {[%clk 0:49:48]} 16. Bxc4 {[%clk 0:36:35]} Bxc4
{[%clk 0:50:14]} 17. Nxd6 {[%clk 0:36:52]} Be6 {[%clk 0:46:44]} 18. e5
{[%clk 0:29:41]} Nd7 {[%clk 0:44:16]} 19. Nd5 {[%clk 0:23:35]} Qxb2
{[%clk 0:40:51]} 20. Nc7 {[%clk 0:18:55]} Bxh3 {[%clk 0:28:50]} 21. Re2
{[%clk 0:18:39]} Qa3 {[%clk 0:27:42]} 22. Nxa8 {[%clk 0:17:11]} Bg4
{[%clk 0:22:35]} 23. Nc7 {[%clk 0:14:07]} Qa5 {[%clk 0:20:27]} 24. Nce8
{[%clk 0:10:05]} Qa6 {[%clk 0:19:30]} 25. Kf2 {[%clk 0:10:33]} Nxe5
{[%clk 0:17:25]} 26. fxe5 {[%clk 0:10:08]} Bxe5 {[%clk 0:17:53]} 27. Rc1
{[%clk 0:08:03]} Bxe2 {[%clk 0:07:35]} 28. Qxe2 {[%clk 0:08:27]} Bxg3+
{[%clk 0:07:46]} 29. Kf3 {[%clk 0:08:20]} Qxe2+ {[%clk 0:07:25]} 30. Kxe2
{[%clk 0:08:47]} Bxd6 {[%clk 0:07:40]} 31. Nxd6 {[%clk 0:09:12]} b6
{[%clk 0:08:05]} 32. Bh6 {[%clk 0:08:28]} Rd8 {[%clk 0:08:20]} 33. Rd1
{[%clk 0:08:34]} f6 {[%clk 0:07:40]} 34. Rd5 {[%clk 0:07:32]} g5 {[%clk 0:06:28]}
35. Kd3 {[%clk 0:06:58]} g4 {[%clk 0:01:55]} 36. Ke4 {[%clk 0:07:07]} g3
{[%clk 0:02:24]} 37. Rd3 {[%clk 0:07:07]} Rd7 {[%clk 0:02:30]} 38. Rxg3+
{[%clk 0:07:22]} Kh8 {[%clk 0:02:57]} 39. Nf5 {[%clk 0:07:31]} 1-0

[Event "Top 12 Feminin Groupe B"]
[Site "Juvisy sur Orge"]
[Date "2018.05.08"]
[Round "5.2"]
[White "Pauline, Guichard"]
[Black "Neuhauser, Salomé"]
[Result "1-0"]
[WhiteElo "2303"]
[BlackElo "2125"]
[PlyCount "81"]
[EventDate "2018.05.08"]



1. d4 {[%clk 1:29:29]} Nf6 {[%clk 1:30:51]} 2. Bf4 {[%clk 1:29:51]} c5
{[%clk 1:31:04]} 3. d5 {[%clk 1:30:12]} d6 {[%clk 1:30:32]} 4. Nc3
{[%clk 1:30:06]} g6 {[%clk 1:30:39]} 5. e4 {[%clk 1:30:03]} Bg7 {[%clk 1:30:48]}
6. Bd3 {[%clk 1:28:33]} O-O {[%clk 1:30:54]} 7. Nf3 {[%clk 1:23:25]} b6
{[%clk 1:25:11]} 8. O-O {[%clk 1:16:02]} Ba6 {[%clk 1:23:52]} 9. Re1
{[%clk 1:15:53]} b5 {[%clk 0:54:24]} 10. Nxb5 {[%clk 1:00:29]} Bxb5
{[%clk 0:53:46]} 11. Bxb5 {[%clk 1:00:54]} Qb6 {[%clk 0:54:09]} 12. Qd3
{[%clk 0:58:12]} Ng4 {[%clk 0:50:27]} 13. Bg3 {[%clk 0:37:12]} a6
{[%clk 0:48:33]} 14. Bc4 {[%clk 0:37:32]} Nd7 {[%clk 0:47:28]} 15. Rab1
{[%clk 0:36:04]} Nge5 {[%clk 0:40:07]} 16. Nxe5 {[%clk 0:35:50]} Nxe5
{[%clk 0:40:34]} 17. Bxe5 {[%clk 0:35:59]} Bxe5 {[%clk 0:41:02]} 18. c3
{[%clk 0:36:00]} Rfb8 {[%clk 0:39:57]} 19. Qe3 {[%clk 0:35:07]} Bg7
{[%clk 0:35:32]} 20. f4 {[%clk 0:35:23]} Ra7 {[%clk 0:30:01]} 21. e5
{[%clk 0:32:23]} Rab7 {[%clk 0:27:59]} 22. Re2 {[%clk 0:30:50]} Qa7
{[%clk 0:26:50]} 23. Qf2 {[%clk 0:27:21]} Rb6 {[%clk 0:20:59]} 24. Rbe1
{[%clk 0:26:17]} Qd7 {[%clk 0:16:42]} 25. b3 {[%clk 0:23:12]} Qa7
{[%clk 0:11:57]} 26. Re3 {[%clk 0:21:40]} Rf8 {[%clk 0:08:42]} 27. Qh4
{[%clk 0:20:58]} Qc7 {[%clk 0:07:17]} 28. Rh3 {[%clk 0:20:54]} h6
{[%clk 0:07:17]} 29. Rhe3 {[%clk 0:21:20]} Qd8 {[%clk 0:04:44]} 30. Qg4
{[%clk 0:18:45]} Kh7 {[%clk 0:00:56]} 31. h4 {[%clk 0:17:00]} h5 {[%clk 0:00:49]}
32. Qe2 {[%clk 0:15:58]} Qc8 {[%clk 0:00:47]} 33. Bd3 {[%clk 0:13:32]} Kg8
{[%clk 0:00:37]} 34. Rg3 {[%clk 0:13:10]} dxe5 {[%clk 0:00:42]} 35. fxe5
{[%clk 0:13:29]} Qc7 {[%clk 0:00:33]} 36. Bc4 {[%clk 0:11:12]} Qc8
{[%clk 0:00:35]} 37. d6 {[%clk 0:10:10]} exd6 {[%clk 0:00:45]} 38. Rxg6
{[%clk 0:10:08]} Qf5 {[%clk 0:00:50]} 39. Rg5 {[%clk 0:09:22]} Qf4
{[%clk 0:00:35]} 40. e6 {[%clk 0:09:06]} Qxh4 {[%clk 0:00:34]} 41. exf7+
{[%clk 0:09:22]} 1-0

[Event "Top 12 Feminin Groupe B"]
[Site "Juvisy sur Orge"]
[Date "2018.05.08"]
[Round "5.3"]
[White "Haussernot, Cecile"]
[Black "Hamdouchi, Adina"]
[Result "1/2-1/2"]
[WhiteElo "2189"]
[BlackElo "2218"]
[PlyCount "58"]
[EventDate "2018.05.08"]



1. e4 {[%clk 1:30:57]} c5 {[%clk 1:30:53]} 2. Nf3 {[%clk 1:31:22]} g6
{[%clk 1:31:18]} 3. c3 {[%clk 1:31:46]} d5 {[%clk 1:31:29]} 4. e5
{[%clk 1:31:56]} Nc6 {[%clk 1:28:45]} 5. d4 {[%clk 1:29:37]} Bg7 {[%clk 1:24:39]}
6. Bb5 {[%clk 1:29:16]} Nh6 {[%clk 1:21:43]} 7. dxc5 {[%clk 1:28:09]} O-O
{[%clk 1:14:27]} 8. h3 {[%clk 1:25:36]} f6 {[%clk 1:06:26]} 9. Bxc6
{[%clk 1:16:01]} bxc6 {[%clk 1:06:49]} 10. Nd4 {[%clk 1:16:26]} e6
{[%clk 0:59:19]} 11. Qe2 {[%clk 1:09:25]} fxe5 {[%clk 0:58:17]} 12. Nxc6
{[%clk 1:08:38]} Qc7 {[%clk 0:45:43]} 13. Nxe5 {[%clk 1:06:33]} Qxc5
{[%clk 0:44:28]} 14. Be3 {[%clk 1:04:52]} Qd6 {[%clk 0:43:53]} 15. Nd3
{[%clk 1:02:33]} Re8 {[%clk 0:40:22]} 16. Qd2 {[%clk 0:59:50]} Nf5
{[%clk 0:38:11]} 17. Bc5 {[%clk 1:00:00]} Qc7 {[%clk 0:38:01]} 18. O-O
{[%clk 0:59:03]} Ba6 {[%clk 0:32:00]} 19. b4 {[%clk 0:58:31]} e5 {[%clk 0:25:55]}
20. Rd1 {[%clk 0:54:00]} Rad8 {[%clk 0:25:01]} 21. Na3 {[%clk 0:53:53]} Bh6
{[%clk 0:16:19]} 22. Qc2 {[%clk 0:49:19]} e4 {[%clk 0:15:27]} 23. Ne1
{[%clk 0:41:55]} Bg7 {[%clk 0:11:13]} 24. Rac1 {[%clk 0:39:08]} Bh6
{[%clk 0:07:58]} 25. Rb1 {[%clk 0:38:42]} e3 {[%clk 0:07:36]} 26. Qa4
{[%clk 0:38:32]} Qf4 {[%clk 0:03:20]} 27. Rb2 {[%clk 0:29:47]} Re6
{[%clk 0:01:23]} 28. Qa5 {[%clk 0:27:27]} Rde8 {[%clk 0:01:29]} 29. Nf3
{[%clk 0:19:06]} d4 1/2-1/2

[Event "Top 12 Feminin Groupe B"]
[Site "Juvisy sur Orge"]
[Date "2018.05.08"]
[Round "5.4"]
[White "Afraoui, Anaelle"]
[Black "Choisy, Mathilde"]
[Result "0-1"]
[WhiteElo "2064"]
[BlackElo "2158"]
[PlyCount "36"]
[EventDate "2018.05.08"]



1. e4 {[%clk 1:30:58]} e6 {[%clk 1:30:56]} 2. d4 {[%clk 1:31:17]} d5
{[%clk 1:31:21]} 3. Nc3 {[%clk 1:30:48]} Nf6 {[%clk 1:31:28]} 4. e5
{[%clk 1:31:08]} Nfd7 {[%clk 1:31:54]} 5. f4 {[%clk 1:31:27]} c5 {[%clk 1:32:18]}
6. Nf3 {[%clk 1:31:50]} Nc6 {[%clk 1:32:43]} 7. Be3 {[%clk 1:32:12]} cxd4
{[%clk 1:32:18]} 8. Nxd4 {[%clk 1:32:28]} Qb6 {[%clk 1:32:30]} 9. Qd2
{[%clk 1:20:55]} Qxb2 {[%clk 1:32:46]} 10. Rb1 {[%clk 1:12:56]} Qa3
{[%clk 1:33:05]} 11. Ncb5 {[%clk 1:03:17]} Qxa2 {[%clk 1:31:05]} 12. Nxc6
{[%clk 0:23:09]} Qxb1+ {[%clk 1:17:49]} 13. Kf2 {[%clk 0:23:24]} bxc6
{[%clk 1:17:37]} 14. Nc7+ {[%clk 0:21:58]} Kd8 {[%clk 1:15:10]} 15. Nxa8
{[%clk 0:19:56]} Qb4 {[%clk 1:10:04]} 16. Qxb4 {[%clk 0:09:53]} Bxb4
{[%clk 1:10:21]} 17. Be2 {[%clk 0:09:50]} Bc5 {[%clk 0:52:44]} 18. Ra1
{[%clk 0:08:26]} d4 {[%clk 0:50:53]} 0-1

[Event "Top 12 Feminin Groupe B"]
[Site "Juvisy sur Orge"]
[Date "2018.05.08"]
[Round "5.5"]
[White "Legrand, Claire"]
[Black "Javakhishvili, Lela"]
[Result "0-1"]
[WhiteElo "1737"]
[BlackElo "2471"]
[PlyCount "48"]
[EventDate "2018.05.08"]

1. e4 {[%clk 1:30:44]} c5 {[%clk 1:30:40]} 2. Nf3 {[%clk 1:31:00]} e6
{[%clk 1:30:49]} 3. d4 {[%clk 1:31:19]} cxd4 {[%clk 1:31:12]} 4. Nxd4
{[%clk 1:31:34]} a6 {[%clk 1:30:37]} 5. Nc3 {[%clk 1:28:17]} b5 {[%clk 1:30:54]}
6. a3 {[%clk 1:25:28]} Bb7 {[%clk 1:30:58]} 7. Bd3 {[%clk 1:24:52]} d6
{[%clk 1:27:07]} 8. O-O {[%clk 1:22:57]} Nf6 {[%clk 1:27:22]} 9. f4
{[%clk 1:19:44]} Be7 {[%clk 1:27:02]} 10. Be3 {[%clk 1:17:43]} Nbd7
{[%clk 1:26:34]} 11. Nf3 {[%clk 1:12:02]} Ng4 {[%clk 1:24:19]} 12. Bd4
{[%clk 1:08:44]} e5 {[%clk 1:22:43]} 13. fxe5 {[%clk 1:06:31]} dxe5
{[%clk 1:22:48]} 14. Bf2 {[%clk 1:05:47]} Nxf2 {[%clk 1:23:05]} 15. Kxf2
{[%clk 1:05:24]} Qb6+ {[%clk 1:18:33]} 16. Ke1 {[%clk 1:05:27]} O-O
{[%clk 1:17:02]} 17. Qe2 {[%clk 1:04:40]} b4 {[%clk 1:13:32]} 18. Nd5
{[%clk 1:02:29]} Bxd5 {[%clk 1:12:31]} 19. exd5 {[%clk 1:02:46]} bxa3
{[%clk 1:10:18]} 20. bxa3 {[%clk 1:01:47]} f5 {[%clk 1:04:46]} 21. Nxe5
{[%clk 0:58:00]} Nxe5 {[%clk 1:03:59]} 22. Qxe5 {[%clk 0:56:03]} Bf6
{[%clk 1:03:17]} 23. Qe6+ {[%clk 0:53:59]} Qxe6+ {[%clk 1:03:36]} 24. dxe6
{[%clk 0:54:28]} Bxa1 {[%clk 1:03:58]} 0-1